banner-ar

HEROS ET DIEUX DE L'ANTIQUITE: GUIDE ICONOGRAPHUE / (Record no. 15317)

MARC details
000 -الفاتح
حقل البيانات ثابتة الطول 00601nam a2200229Ia 4500
008 - عناصر البيانات ثابتة الطول - معلومات عامة
حقل البيانات ثابتة الطول 140319s9999 xx 000 0 eng d
040 ## - مصدر الفهرسة
وكالة الفهرسة الأصلية GCL /
وكالة النسخ GCL
082 04 - رقم تصنيف ديوى العشرى
رقم التصنيف 709.0216
رقم المادة A H
100 1# - المدخل الرئيسى - إسم شخصى
الإسم الشخصى AGHION, IRENE
245 10 - بيان العنوان
العنوان HEROS ET DIEUX DE L'ANTIQUITE: GUIDE ICONOGRAPHUE /
بيان المسئوليه,etc AGHION, IRENE
700 1# - المدخل الاضافى - اسم شخصى
الإسم الشخصى BARBILLON, CLAIRE
700 1# - المدخل الاضافى - اسم شخصى
الإسم الشخصى LESSARRAGUE, FRANCOIS
260 ## - PUBLICATION, DISTRIBUTION, ETC. (IMPRINT)
تاريخ النشر أو التوزيع 1994
300 ## - الوصف المادى
التعداد 316 P
650 04 - المدخل الاضافى بالموضوع-مصطلح موضوعى
مصطلح موضوعي ANTIQUITIES
650 04 - المدخل الاضافى بالموضوع-مصطلح موضوعى
مصطلح موضوعي ARTS
650 04 - المدخل الاضافى بالموضوع-مصطلح موضوعى
مصطلح موضوعي ROMANESQUE ART
650 04 - المدخل الاضافى بالموضوع-مصطلح موضوعى
مصطلح موضوعي ART - HISTORY
650 04 - المدخل الاضافى بالموضوع-مصطلح موضوعى
مصطلح موضوعي ROMAN ARTIST
942 ## - عناصر المدخل الإضافي( كوها)
مصدر التصنيف او مخطط الترفيف Dewey Decimal Classification
Koha [default] item type كتاب
260 ## - PUBLICATION, DISTRIBUTION, ETC. (IMPRINT)
-- [S.N] :
-- Flam marion ،
Holdings
حالة التراجع حالة الفقد حالة تلف ليس للاعارة المكان المؤقت الموقع الحالى تاريخ الاكتساب اجمالي اﻻعارات رقم الطلب الباركود تاريخ اخر مشاهدة تاريخ تفعيل السعر نوع وعاء كوها
        مكتبة القاهرة الكبرى مكتبة القاهرة الكبرى 03/26/2014   709.0216\A H 28410 03/26/2014 03/26/2014 كتاب

Powered By

EGPV